00784nam a2200241 a 4500001001300000003000900013005001700022008004100039020002300080082001700103100002700120245007700147260003500224300000900259500003500268505002400303650002600327700002700353902000800380942000700388952013000395999001700525nice12345678IN_TiNIC20260116014530.0110804s2011 dela grp 000 0 eng  a9788178242989c69500a294.577bCHA aChakraborty, Chandrima aMasculinity, Asceticism, Hinduismb Past and Present Imaginings of India aDelhi bPermanent Black c2011 a263p aincludes index and biblioraphy2 aBibliography, Index aHinduism and Politics1 aChakraborty, Chandrima bSRS cBK 001040708StackRoom-aHMIbHMId2011-08-04g695.00l1o294.577 CHAp023649r2016-09-19s2016-09-19v695.00w2011-08-04yBK c15821d15821